WORLD geography
| Corporate Author: | |
|---|---|
| Format: | Book |
| Published: |
Lexington, Mass. :
D. C. Heath ,
1983
|
| Subjects: |
MARC
| LEADER | 00000cam a2200000 7i4500 | ||
|---|---|---|---|
| 001 | 0000000741 | ||
| 005 | 20000927.0 | ||
| 020 | 0 | 0 | |a 0669052817 |
| 090 | 0 | 0 | |a 910 |b WOR 1983 |
| 245 | 0 | 0 | |a WORLD geography |c developed by Educational Challenges, Inc. |
| 260 | 0 | 0 | |a Lexington, Mass. : |b D. C. Heath , |c 1983 |
| 300 | |a xxiii, 488 p. : |b ill. (some col.), maps ; |c 26 cm. | ||
| 500 | 0 | 0 | |a Includes index |
| 650 | 0 | 0 | |a Geography |
| 710 | 1 | 1 | |a Educational Challenges, Inc. |
| 999 | |a 0000000358 |b Monograph |c Open Shelf |e Default branch | ||